000 00687nam a2200265Ia 4500
003 OSt
005 20221007110946.0
006 a|||||r|||| 00| 0
007 ta
008 221006b |||||||| |||| 00| 0 eng d
020 _a8175040319
024 _a22,260
037 _cTextual
040 _aLCO
_cLCO
_beng
041 _2eng
_aeng
082 _aY:45, P0
100 _aColeman Clive
_9686883
245 0 _aCriminology
260 _aNew
_bDelhi Lawman (India) Private Limited India
_c2000
300 _a202
650 _aCRIMINOLOGY
700 _a Norris Clive
_9315627
942 _hY:45, P0
_cTEXL
999 _c1191823
_d1191823